El póster : una mirada educativa desde la comunicación digital /

Detalles Bibliográficos
Autores principales: Mamián Hoyos, Fabián Marcelo (Autor), Buendía Astudillo, Alexander, 1972- (Autor)
Formato: Electrónico eBook
Lenguaje:español
Publicado: Popayán, Colombia : Editorial Universidad del Cauca, 2021.
Edición:Primera edición en español.
Materias:
Acceso en línea:Digitalia Hispánica

MARC

LEADER 00000nam a2200000 i 4500
001 DIGUCAUCA0125
003 NyNyDIG
006 m o d
007 cr |||||||||||
008 231007s2021 ck a ob 001 0 spa d
035 |a (OCoLC)1394135722 
040 |a DGITA  |b eng  |e rda  |e pn  |c DGITA 
020 |a 9789587324952  |q digital 
020 |z 9789587324945  |q impreso 
050 1 4 |a LB1043.64 ebook 
100 1 |a Mamián Hoyos, Fabián Marcelo,  |e author. 
245 1 3 |a El póster :  |b una mirada educativa desde la comunicación digital /  |c Fabián Marcelo Mamián Hoyos, Alexander Buendía Astudillo. 
250 |a Primera edición en español. 
264 1 |a Popayán, Colombia :  |b Editorial Universidad del Cauca,  |c 2021. 
300 |a 1 online resource :  |b illustrations. 
336 |a text  |b txt  |2 rdacontent 
337 |a computer file  |b c  |2 rdamedia 
338 |a online resource  |b cr  |2 rdacarrier 
347 |a text file  |2 rdaft 
347 |b PDF 
504 |a Includes bibliographical references and Index. 
588 0 |a Online resource; title from PDF title page (Digitalia, viewed October 7, 2023) 
650 0 |a Posters in education. 
650 0 |a Visual education. 
700 1 |a Buendía Astudillo, Alexander,  |d 1972-  |e author. 
776 0 8 |i Print version:  |a Mamián Hoyos, Fabián Marcelo.  |t Póster.  |b Primera edición en español.  |d Popayán, Colombia : Editorial Universidad del Cauca, 2021  |z 9789587324945 
791 2 |a Digitalia (Firm),  |e distributor. 
793 0 |g Digitalia eBook Collection:  |a Universidad del Cauca 
856 4 0 |3 Digitalia Hispánica  |u https://www.digitaliapublishing.com/a/129840/ 
910 |a Premium collection: 2023